Lorenzgerechte Besteuerung <ein> normatives Konzept für einen neuen Steuer tarif
Na minha lista:
| Autor principal: | |
|---|---|
| Formato: | Livro |
| Idioma: | alemão |
| Publicado em: |
Wien
Östereichische Akademie der Wissenschaften
1980
|
| Colecção: | Veröffentlichungen Kommission für Sozial- und Wirtschaftswissenschaften
Nr. 16 |
| Tags: |
Sem tags, seja o primeiro a adicionar uma tag!
|
MARC
| LEADER | 00000nam a2200000 4500 | ||
|---|---|---|---|
| 001 | c142381 | ||
| 005 | 20041019155324.6 | ||
| 041 | 0 | |a ger | |
| 044 | |a AT | ||
| 245 | 1 | 0 | |a Lorenzgerechte Besteuerung |b <ein> normatives Konzept für einen neuen Steuer tarif |c Bernd Genser |
| 264 | 1 | |a Wien |b Östereichische Akademie der Wissenschaften |c 1980 | |
| 300 | |a 190 s. | ||
| 490 | 1 | |a Veröffentlichungen Kommission für Sozial- und Wirtschaftswissenschaften |v Nr. 16 | |
| 830 | 0 | |a Veröffentlichungen Kommission für Sozial- und Wirtschaftswissenschaften |v Nr. 16 | |
| 100 | 1 | |a Genser, Bernd | |